[Event "Obro "]
[Site "Copenhagen"]
[Date "2018.12.29"]
[Round "4.10"]
[White "Sondergaard Thybo, Thomas"]
[Black "Skovgaard, Andreas"]
[Result "1/2-1/2"]
[WhiteElo "2175"]
[BlackElo "1951"]
[PlyCount "64"]
[EventDate "2018.12.27"]
[EventCountry "DEN"]

1. b4 d5 2. Bb2 Bf5 3. Nf3 e6 4. e3 Nf6 5. a3 Bd6 6. Be2 O-O 7. Nh4 Nbd7 8. d3
c6 9. Nd2 a5 10. bxa5 Qxa5 11. g4 Bg6 12. g5 Ne8 13. Nxg6 fxg6 14. Bg4 Nc7 15.
h4 Ne5 16. Be2 Nb5 17. f4 Nc3 18. Bxc3 Qxc3 19. h5 gxh5 20. Bxh5 g6 21. Be2 Nf7
22. O-O Rxa3 23. Rb1 Bc5 24. Rf3 Nxg5 25. fxg5 Bxe3+ 26. Rxe3 Qd4 27. Nf1 Rxf1+
28. Qxf1 Qxe3+ 29. Kh1 Qxg5 30. Rxb7 Qh4+ 31. Kg2 Qg5+ 32. Kh1 Qh4+ 1/2-1/2

[Event "Obro "]
[Site "Copenhagen"]
[Date "2018.12.29"]
[Round "5.1"]
[White "Porte, Henrik"]
[Black "Hector, Jonny"]
[Result "0-1"]
[WhiteElo "2156"]
[BlackElo "2501"]
[PlyCount "54"]
[EventDate "2018.12.27"]
[EventCountry "DEN"]

1. d4 d5 2. c4 c6 3. Nf3 Nf6 4. Nc3 dxc4 5. a4 Bf5 6. Ne5 Na6 7. f3 Nd7 8. Nxc4
e5 9. e4 exd4 10. Qxd4 Nb4 11. Qd1 Be6 12. Be3 Nc5 13. Nd2 Ncd3+ 14. Bxd3 Qxd3
15. Nf1 Qa6 16. Kf2 Nd3+ 17. Kg1 Nxb2 18. Qc2 Nc4 19. Bf2 Qa5 20. Ne2 Bc5 21.
Nd4 Bxd4 22. Bxd4 O-O-O 23. Bxg7 Rd2 24. Qc3 Qc5+ 25. Ne3 Qxe3+ 26. Qxe3 Nxe3
27. Bxh8 Rxg2# 0-1

[Event "Obro "]
[Site "Copenhagen"]
[Date "2018.12.29"]
[Round "5.2"]
[White "Kistrup, Nicolai"]
[Black "Grishchenko, Sergey"]
[Result "0-1"]
[WhiteElo "2089"]
[BlackElo "2431"]
[PlyCount "58"]
[EventDate "2018.12.27"]
[EventCountry "DEN"]

1. Nf3 Nf6 2. c4 e6 3. g3 d5 4. d4 c5 5. cxd5 exd5 6. Bg2 Nc6 7. O-O Be7 8.
dxc5 Bxc5 9. Qc2 Bb6 10. Nc3 O-O 11. Bg5 Be6 12. Na4 h6 13. Nxb6 axb6 14. Bf4
d4 15. Ne5 Bd5 16. Bxd5 Qxd5 17. Qb3 Rfe8 18. Nxc6 bxc6 19. Qxb6 Rxe2 20. Rac1
Rxa2 21. Rc5 Qd7 22. Qxc6 Qxc6 23. Rxc6 Raxb2 24. Rd6 Ng4 25. Rxd4 Nxf2 26. g4
Nh3+ 27. Kh1 Nxf4 28. Rdxf4 Rxh2+ 29. Kg1 Rbg2# 0-1

[Event "Obro "]
[Site "Copenhagen"]
[Date "2018.12.29"]
[Round "5.4"]
[White "Christensen, Tobias Bent"]
[Black "Vils Pedersen, Thomas"]
[Result "1-0"]
[WhiteElo "2344"]
[BlackElo "2078"]
[PlyCount "79"]
[EventDate "2018.12.27"]
[EventCountry "DEN"]

1. d4 d5 2. Bf4 Nf6 3. e3 c5 4. c3 e6 5. Nf3 Nc6 6. Nbd2 Bd6 7. Bg3 O-O 8. Bd3
Qe7 9. Ne5 Nd7 10. f4 f6 11. Nxc6 bxc6 12. Qc2 h6 13. Nf3 f5 14. Bh4 Qe8 15. h3
cxd4 16. cxd4 c5 17. O-O c4 18. Be2 Nb6 19. Ne5 Bd7 20. Kh1 Rc8 21. g4 c3 22.
gxf5 cxb2 23. Qxb2 Na4 24. Qb7 Bxe5 25. fxe5 exf5 26. Bf3 Nc3 27. Rg1 Qf7 28.
Bf6 g5 29. Bxg5 hxg5 30. Rxg5+ Kh8 31. Rh5+ Qxh5 32. Bxh5 Bc6 33. Qe7 Rg8 34.
Qf6+ Rg7 35. Rg1 Rcc7 36. Rxg7 Rxg7 37. Qxc6 Ne4 38. Qh6+ Kg8 39. Qe6+ Kh8 40.
Bg6 1-0

[Event "Obro "]
[Site "Copenhagen"]
[Date "2018.12.29"]
[Round "5.6"]
[White "Haubro, Martin"]
[Black "Yukun Liu, Casper"]
[Result "1-0"]
[WhiteElo "2328"]
[BlackElo "2080"]
[PlyCount "57"]
[EventDate "2018.12.27"]
[EventCountry "DEN"]

1. e4 d6 2. d4 Nd7 3. Nc3 e5 4. Nf3 Ngf6 5. Bc4 Be7 6. O-O c6 7. a4 a5 8. Re1
Qc7 9. Ba2 h6 10. Qd3 g5 11. Be3 Nf8 12. Qc4 Rh7 13. dxe5 dxe5 14. Nd5 Qd6 15.
Nxe7 Qxe7 16. Bc5 Qc7 17. Bxf8 Kxf8 18. Qc5+ Kg7 19. Qxe5 Qxe5 20. Nxe5 Kf8 21.
Rad1 Ke7 22. f3 Be6 23. Bxe6 Kxe6 24. Nc4 b5 25. Nd6 Rb8 26. axb5 cxb5 27. Nf5
g4 28. Rd6+ Ke5 29. f4+ 1-0

[Event "Obro "]
[Site "Copenhagen"]
[Date "2018.12.29"]
[Round "5.7"]
[White "Haarmark Nielsen, Viktor"]
[Black "Linderod, Lars Erik"]
[Result "1-0"]
[WhiteElo "2240"]
[BlackElo "1942"]
[PlyCount "79"]
[EventDate "2018.12.27"]
[EventCountry "DEN"]

1. e4 g6 2. d4 Bg7 3. Nc3 d6 4. g3 Nf6 5. Bg2 O-O 6. Nge2 e5 7. O-O Bd7 8. h3
Nc6 9. Be3 Qe7 10. Qd2 exd4 11. Nxd4 Nxd4 12. Bxd4 Bc6 13. Rfe1 Rfd8 14. Rad1
a5 15. a4 Qd7 16. b3 Re8 17. g4 Re7 18. Qf4 Ne8 19. Ne2 b6 20. Bxg7 Nxg7 21.
Nd4 Ne6 22. Nxe6 Rxe6 23. Re3 Rae8 24. c4 Qe7 25. Rde1 Rf6 26. Qg3 Re6 27. Qf4
Rf6 28. Qg3 Re6 29. e5 Bxg2 30. exd6 Qd7 31. Kxg2 Rxe3 32. Rxe3 Rxe3 33. fxe3
Qxd6 34. Qxd6 cxd6 35. Kf3 Kf8 36. Ke4 Ke7 37. Kd5 Kd7 38. g5 Kc7 39. h4 Kd7
40. e4 1-0

[Event "Obro "]
[Site "Copenhagen"]
[Date "2018.12.29"]
[Round "5.9"]
[White "Olsen, Peter Erik"]
[Black "Christensen, Jacob Foged"]
[Result "1/2-1/2"]
[WhiteElo "2257"]
[BlackElo "1948"]
[PlyCount "93"]
[EventDate "2018.12.27"]
[EventCountry "DEN"]

1. d4 Nf6 2. Bg5 e6 3. Nd2 d5 4. e3 Nbd7 5. Ngf3 b6 6. Bd3 Bb7 7. O-O Be7 8. c3
O-O 9. Ne5 Ne4 10. Bxe7 Qxe7 11. Qc2 Nxd2 12. Qxd2 Nxe5 13. dxe5 c5 14. Qe2 f5
15. exf6 Rxf6 16. e4 Rh6 17. h3 Rf8 18. exd5 Qg5 19. f4 Qxd5 20. f5 Qd6 21.
fxe6 Rxe6 22. Bc4 Bd5 23. Qd3 Bxc4 24. Qxc4 Rxf1+ 25. Rxf1 Qe5 26. Rd1 Qe3+ 27.
Kh1 Kf8 28. Qd5 Qe2 29. b4 cxb4 30. cxb4 Re5 31. Qd6+ Kf7 32. Rc1 Re7 33. Qf4+
Kg8 34. Qf5 g6 35. Qd5+ Kg7 36. Qd4+ Kg8 37. Qd5+ Kg7 38. Qd4+ Kg8 39. Rc8+ Re8
40. Rc7 Re7 41. Rxe7 Qxe7 42. a4 Kf7 43. b5 Qf6 44. Qc4+ Qe6 45. Qc7+ Qe7 46.
Qb8 Kf6 47. Qf4+ 1/2-1/2

[Event "Obro "]
[Site "Copenhagen"]
[Date "2018.12.29"]
[Round "5.10"]
[White "Frisk, Ellinor"]
[Black "Stage Steffensen, Sander"]
[Result "1-0"]
[WhiteElo "2251"]
[BlackElo "2012"]
[PlyCount "55"]
[EventDate "2018.12.27"]
[EventCountry "DEN"]

1. Nf3 Nf6 2. c4 e6 3. g3 d5 4. Bg2 Nbd7 5. O-O g6 6. cxd5 exd5 7. d4 Bg7 8.
Nc3 O-O 9. Bf4 c6 10. b4 h6 11. Qb3 Nb6 12. Ne5 Be6 13. Rfd1 Nh5 14. Be3 Qc7
15. f4 Bxe5 16. fxe5 Kh7 17. Bf2 Nc4 18. Qc2 Ng7 19. e4 Rfd8 20. Rac1 Rac8 21.
Kh1 Qe7 22. b5 Ne8 23. bxc6 bxc6 24. Qe2 Rb8 25. exd5 Rb2 26. Qxc4 cxd5 27. Qf1
Bg4 28. Re1 1-0

[Event "Obro "]
[Site "Copenhagen"]
[Date "2018.12.30"]
[Round "6.2"]
[White "Haubro, Martin"]
[Black "Antonsen, Mikkel"]
[Result "1-0"]
[WhiteElo "2328"]
[BlackElo "2435"]
[PlyCount "115"]
[EventDate "2018.12.27"]
[EventCountry "DEN"]

1. e4 e6 2. d4 d5 3. Nc3 Bb4 4. e5 Qd7 5. h4 b6 6. h5 Ba6 7. Bxa6 Nxa6 8. h6
Nxh6 9. Bxh6 gxh6 10. Qd3 Nb8 11. Nge2 Nc6 12. Rxh6 Bf8 13. Rh5 Nb4 14. Qd2 c5
15. f4 Rg8 16. Kf1 h6 17. Nd1 f6 18. exf6 Qf7 19. Rh3 Qxf6 20. c3 Nc6 21. Nf2
O-O-O 22. Qe3 Bd6 23. Nd3 Qg6 24. Rg3 Qf5 25. Rxg8 Rxg8 26. Kf2 c4 27. Ne1 e5
28. Qh3 Qxh3 29. gxh3 exf4 30. Ng2 Rf8 31. Nh4 Nb8 32. Rg1 Nd7 33. Rg6 Nf6 34.
Ng1 Ne4+ 35. Kg2 h5 36. Rg7 Kb8 37. Ngf3 b5 38. Ng6 Rc8 39. a3 Rc7 40. Rg8+ Rc8
41. Rxc8+ Kxc8 42. Nfe5 Bxe5 43. dxe5 Kd7 44. Nxf4 Nc5 45. Kf3 Nd3 46. Nxd5
Nxe5+ 47. Ke4 Kd6 48. Nf6 Nd3 49. h4 Nxb2 50. Nxh5 Na4 51. Kd4 Ke6 52. Ng7+ Kf7
53. Nf5 Kg6 54. Nd6 a6 55. Nb7 Kh5 56. Nc5 Nxc3 57. Kxc3 a5 58. Kd4 1-0

[Event "Obro "]
[Site "Copenhagen"]
[Date "2018.12.30"]
[Round "6.3"]
[White "Haarmark Nielsen, Viktor"]
[Black "Christensen, Tobias Bent"]
[Result "1/2-1/2"]
[WhiteElo "2240"]
[BlackElo "2344"]
[PlyCount "51"]
[EventDate "2018.12.27"]
[EventCountry "DEN"]

1. e4 e6 2. d4 d5 3. Nc3 Bb4 4. e5 c5 5. a3 Bxc3+ 6. bxc3 Ne7 7. Qg4 Qc7 8. Bd3
cxd4 9. Ne2 dxc3 10. Qxg7 Rg8 11. Qxh7 Qxe5 12. Bf4 Qf6 13. h4 Nd7 14. Bg5 Qh8
15. Qxh8 Rxh8 16. Nxc3 a6 17. O-O-O f6 18. Be3 Ne5 19. h5 Nxd3+ 20. Rxd3 Bd7
21. f3 Nc6 22. f4 O-O-O 23. g4 Rdg8 24. Rh4 d4 25. Bxd4 e5 26. Be3 1/2-1/2

[Event "Obro "]
[Site "Copenhagen"]
[Date "2018.12.30"]
[Round "6.4"]
[White "Vils Pedersen, Thomas"]
[Black "Nilssen, Ellen Fredericia"]
[Result "1-0"]
[WhiteElo "2078"]
[BlackElo "2155"]
[PlyCount "111"]
[EventDate "2018.12.27"]
[EventCountry "DEN"]

1. d4 Nf6 2. Nf3 g6 3. c4 Bg7 4. g3 d5 5. cxd5 Nxd5 6. Bg2 Nb6 7. Nc3 Nc6 8. e3
O-O 9. O-O Re8 10. d5 Na5 11. Nd4 Bd7 12. b3 c5 13. dxc6 Nxc6 14. Nxc6 Bxc6 15.
Bxc6 bxc6 16. Bb2 c5 17. Qe2 c4 18. Rfd1 Qc8 19. Rac1 Rd8 20. Rxd8+ Qxd8 21.
bxc4 Rc8 22. Rd1 Qe8 23. Nd5 Nxc4 24. Bxg7 Kxg7 25. Rc1 Nd6 26. Qb2+ f6 27.
Rxc8 Nxc8 28. Qb7 a5 29. Qc7 Qb5 30. Nc3 Qa6 31. e4 a4 32. e5 f5 33. Nd5 Qd3
34. Nc3 Qa6 35. h4 f4 36. gxf4 Qe6 37. Kf1 Nb6 38. Qc5 Nc4 39. Ke1 a3 40. Qd5
Kf7 41. Ke2 Qxd5 42. Nxd5 Ke6 43. Ne3 Nb2 44. Kd2 Kd7 45. Kc3 e6 46. Nc4 Nd1+
47. Kd4 Nxf2 48. Nxa3 Kc6 49. Nc2 Kb5 50. Ke3 Ng4+ 51. Kf3 Nh6 52. Nd4+ Kb6 53.
Nxe6 Nf5 54. Kg4 h6 55. Nf8 Ne7 56. h5 1-0

[Event "Obro "]
[Site "Copenhagen"]
[Date "2018.12.30"]
[Round "6.5"]
[White "Vasli, Aref"]
[Black "Manosri Jacobsen, FM Mikkel"]
[Result "0-1"]
[WhiteElo "2237"]
[BlackElo "2321"]
[PlyCount "106"]
[EventDate "2018.12.27"]
[EventCountry "DEN"]

1. d4 Nf6 2. Nf3 e6 3. Bf4 c5 4. e3 Nc6 5. Nbd2 cxd4 6. exd4 Nh5 7. Be3 d5 8.
c3 Bd6 9. Ne5 g6 10. Bb5 Bd7 11. Nxd7 Qxd7 12. Nf3 Qc7 13. O-O a6 14. Bd3 h6
15. Re1 Nf6 16. g3 Ne4 17. Bxe4 dxe4 18. Nd2 f5 19. Qb3 Ke7 20. Nc4 b5 21. Nxd6
Qxd6 22. f3 Na5 23. Qc2 exf3 24. Bf4 Qc6 25. Re5 Nc4 26. Rc5 Qb6 27. b3 Nd6 28.
Re1 Rac8 29. Bxd6+ Qxd6 30. Rce5 Qxd4+ 31. cxd4 Rxc2 32. Rxe6+ Kf7 33. Re7+ Kf6
34. R1e6+ Kg5 35. h3 Rg2+ 36. Kf1 Rxg3 37. Kf2 Kf4 38. Re4+ fxe4 39. Rf7+ Kg5
40. Kxg3 Re8 41. Kf2 e3+ 42. Ke1 f2+ 43. Ke2 Re4 44. d5 Rf4 45. Rxf4 Kxf4 46.
d6 Kg3 47. d7 Kg2 48. d8=Q f1=Q+ 49. Kxe3 Qe1+ 50. Kf4 Qf2+ 51. Ke4 Qe2+ 52.
Kf4 Qf3+ 53. Ke5 Qe3+ 0-1

[Event "Obro "]
[Site "Copenhagen"]
[Date "2018.12.30"]
[Round "6.6"]
[White "Skovgaard, Andreas"]
[Black "Frisk, Ellinor"]
[Result "0-1"]
[WhiteElo "1951"]
[BlackElo "2251"]
[PlyCount "100"]
[EventDate "2018.12.27"]
[EventCountry "DEN"]

1. d4 d5 2. c4 c6 3. Nc3 Nf6 4. Nf3 dxc4 5. a4 Bf5 6. e3 e6 7. Nh4 Bg4 8. Be2
Bxe2 9. Qxe2 Be7 10. Nf3 O-O 11. O-O c5 12. Qxc4 Nbd7 13. dxc5 Bxc5 14. b4 Be7
15. a5 Rc8 16. Qb3 a6 17. Bb2 Qc7 18. b5 Qc4 19. Qxc4 Rxc4 20. Nd2 Rcc8 21. Nb3
Rfd8 22. Rfd1 Kf8 23. Kf1 Ke8 24. Ra4 Ne5 25. Rxd8+ Kxd8 26. Nd5 axb5 27. Nxe7
bxa4 28. Nxc8 axb3 29. Bxe5 Kxc8 30. Ke2 Kd7 31. Kd3 Ne8 32. Kc4 Kc6 33. Kxb3
Kb5 34. Bc3 g6 35. Kc2 Kc4 36. Be5 f6 37. Bc3 e5 38. f4 e4 39. g4 f5 40. gxf5
gxf5 41. Be5 Kb4 42. Bc3+ Kb5 43. Bd2 Kc4 44. Bc3 Nc7 45. Bd4 Nd5 46. Bb6 Kb5
47. Bd4 Kxa5 48. Kd2 Kb4 49. Ke2 Kc4 50. Kf2 Nxf4 0-1

[Event "Obro "]
[Site "Copenhagen"]
[Date "2018.12.30"]
[Round "6.10"]
[White "Sondergaard Thybo, Thomas"]
[Black "Petersen, Nils"]
[Result "1-0"]
[WhiteElo "2175"]
[BlackElo "1993"]
[PlyCount "93"]
[EventDate "2018.12.27"]
[EventCountry "DEN"]

1. b4 d5 2. Bb2 Qd6 3. a3 e5 4. d4 e4 5. e3 Nf6 6. c4 c6 7. Nc3 Be7 8. Nge2 O-O
9. Nf4 Re8 10. Be2 Na6 11. c5 Qd8 12. b5 Nc7 13. a4 Ne6 14. g3 Nxf4 15. gxf4
Bf5 16. Rg1 Qd7 17. Qb3 Reb8 18. Ba3 a6 19. Rb1 axb5 20. axb5 Qc7 21. Bb4 Nd7
22. b6 Qd8 23. Nxd5 cxd5 24. Qxd5 Be6 25. Qxe4 Nf6 26. Qe5 Qd5 27. Bd2 Qxe5 28.
fxe5 Ne8 29. e4 Bd7 30. Bf4 Rc8 31. Kd2 Ra2+ 32. Ke3 Bxc5 33. dxc5 Rxc5 34. Bd3
Ra3 35. Ra1 Rcc3 36. Rxa3 Rxa3 37. Kd4 g6 38. Bc4 Ng7 39. Rc1 Ra4 40. Kc5 Bc6
41. Kd6 Ra8 42. Bd5 Rd8+ 43. Kc7 Rxd5 44. exd5 Bxd5 45. Kd6 Be6 46. Rc7 Nf5+
47. Kc5 1-0

[Event "Obro "]
[Site "Copenhagen"]
[Date "2018.12.31"]
[Round "7.1"]
[White "Hector, Jonny"]
[Black "Haubro, Martin"]
[Result "1/2-1/2"]
[WhiteElo "2501"]
[BlackElo "2328"]
[PlyCount "136"]
[EventDate "2018.12.27"]
[EventCountry "DEN"]

1. e4 c5 2. Nf3 d6 3. d4 cxd4 4. Nxd4 Nf6 5. Nc3 a6 6. Bg5 Nbd7 7. f4 Qc7 8.
Qf3 e6 9. O-O-O Be7 10. f5 e5 11. Bxf6 Nxf6 12. Nde2 b5 13. Nd5 Nxd5 14. exd5
Bd7 15. Ng3 O-O 16. Bd3 a5 17. Rhf1 f6 18. Kb1 b4 19. Nh5 Rf7 20. Qe4 Bd8 21.
g4 Be8 22. Nf4 a4 23. Ne6 Qa5 24. Bc4 Bb6 25. Rf3 b3 26. cxb3 a3 27. Qe1 Qa7
28. Qe2 axb2 29. Qxb2 Bc5 30. h4 Rb7 31. Qe2 Qa5 32. Rc1 Bb4 33. Rc2 Rc8 34.
Rg3 Ba3 35. Re3 Qb6 36. Rg3 Qb4 37. Rg1 Qb6 38. Rf1 Rbb8 39. g5 Qa7 40. gxf6
gxf6 41. Qg4+ Kh8 42. Rg2 Qf7 43. Rfg1 Bd7 44. Qe2 Rg8 45. Kc2 Rxg2 46. Qxg2
Rc8 47. h5 Bc5 48. Nxc5 Rxc5 49. Qg4 Rc8 50. h6 Qf8 51. Qh3 Bb5 52. Kc3 Bxc4
53. bxc4 Ra8 54. Kb2 Qb8+ 55. Qb3 Qa7 56. Rg7 Qf2+ 57. Ka1 Qe1+ 58. Kb2 Qd2+
59. Kb1 Qxh6 60. Rb7 Qh1+ 61. Kb2 Qg2+ 62. Kb1 Qg1+ 63. Kb2 Qf2+ 64. Ka1 Qg1+
65. Kb2 Qg2+ 66. Ka1 Qg8 67. a4 Qe8 68. Kb2 Qg8 1/2-1/2

[Event "Obro "]
[Site "Copenhagen"]
[Date "2018.12.31"]
[Round "7.3"]
[White "Christensen, Tobias Bent"]
[Black "Porte, Henrik"]
[Result "1/2-1/2"]
[WhiteElo "2344"]
[BlackElo "2156"]
[PlyCount "105"]
[EventDate "2018.12.27"]
[EventCountry "DEN"]

1. e4 c6 2. d4 d5 3. Nc3 dxe4 4. Nxe4 Bf5 5. Ng3 Bg6 6. Nh3 e6 7. Nf4 Bd6 8.
Ngh5 Bxh5 9. Nxh5 g6 10. Ng3 Nf6 11. c3 h6 12. Bd3 Nbd7 13. Ne4 Nxe4 14. Bxe4
Qc7 15. Be3 O-O-O 16. Qa4 a6 17. O-O-O Nb6 18. Qb3 Nd5 19. Bd2 Bf4 20. g3 Bxd2+
21. Rxd2 Rd7 22. Rhd1 Rhd8 23. Qa3 Kb8 24. Qc5 Rd6 25. a4 g5 26. Bf3 Ne7 27. a5
Ng6 28. b4 Qd7 29. Kc2 e5 30. Qxd6+ Qxd6 31. dxe5 Qxd2+ 32. Rxd2 Rxd2+ 33. Kxd2
Nxe5 34. Be2 c5 35. b5 axb5 36. Bxb5 Kc7 37. Be2 Kd6 38. Ke3 Nc6 39. a6 bxa6
40. Bxa6 Ke5 41. f4+ gxf4+ 42. gxf4+ Kd6 43. Bc4 f6 44. Kf3 f5 45. Kg3 Ne7 46.
Kh4 Nd5 47. Kh5 Nxf4+ 48. Kxh6 Nd5 49. Kg6 Nxc3 50. Kxf5 Ke7 51. h4 Ne4 52. Kg6
Ng3 53. h5 1/2-1/2

[Event "Obro "]
[Site "Copenhagen"]
[Date "2018.12.31"]
[Round "7.4"]
[White "Manosri Jacobsen, FM Mikkel"]
[Black "Haarmark Nielsen, Viktor"]
[Result "1/2-1/2"]
[WhiteElo "2321"]
[BlackElo "2240"]
[PlyCount "109"]
[EventDate "2018.12.27"]
[EventCountry "DEN"]

1. d4 d5 2. Bf4 Nf6 3. e3 e6 4. Nd2 Bd6 5. Bg3 O-O 6. Bd3 b6 7. Qe2 Bb7 8. Bh4
Nbd7 9. f4 c5 10. c3 cxd4 11. cxd4 Be7 12. Ngf3 Ne4 13. Bxe7 Qxe7 14. O-O Rfc8
15. a3 a5 16. Rac1 Nd6 17. Ne5 Nf6 18. Rfd1 Nfe4 19. Nxe4 dxe4 20. Bb5 Rc7 21.
Qf1 Rac8 22. Rxc7 Rxc7 23. Ba4 f6 24. Ng4 Nc4 25. Qe2 Bd5 26. Nf2 Qd8 27. Rc1
Qc8 28. Qc2 Qb7 29. Bb5 Rc8 30. Bxc4 Rxc4 31. Qd2 Qc6 32. Rxc4 Qxc4 33. Nd1 Kf7
34. Kf2 Ke7 35. Qc3 f5 36. Qxc4 Bxc4 37. Nc3 Bb3 38. g4 g6 39. Kg3 Kf6 40. Kh4
Kg7 41. gxf5 gxf5 42. Nb5 Kg6 43. Nd6 Kh6 44. Nc8 b5 45. Na7 Bc4 46. Nc6 a4 47.
Ne7 Bd5 48. Nc8 Bc4 49. Nb6 Bd5 50. Nd7 Bc4 51. Ne5 Bd5 52. Nf7+ Kg6 53. Ne5+
Kh6 54. Nf7+ Kg6 55. Ne5+ 1/2-1/2

[Event "Obro "]
[Site "Copenhagen"]
[Date "2018.12.31"]
[Round "7.5"]
[White "Frisk, Ellinor"]
[Black "Kistrup, Nicolai"]
[Result "1-0"]
[WhiteElo "2251"]
[BlackElo "2089"]
[PlyCount "97"]
[EventDate "2018.12.27"]
[EventCountry "DEN"]

1. Nf3 c5 2. c4 Nc6 3. d4 cxd4 4. Nxd4 Nf6 5. Nc3 g6 6. g3 Bg7 7. Bg2 O-O 8.
O-O Nxd4 9. Qxd4 d6 10. Qd3 Bf5 11. e4 Be6 12. b3 Nd7 13. Be3 Nc5 14. Qd2 Qa5
15. Rac1 Rfe8 16. Bd4 Bxd4 17. Qxd4 Bd7 18. Rfe1 Bc6 19. h4 Nd7 20. Re2 Qc5 21.
Qxc5 Nxc5 22. Rd1 Nd7 23. Bh3 Nf6 24. Bg2 Nd7 25. Red2 Nf6 26. f3 h6 27. Kf2 g5
28. hxg5 hxg5 29. Rc1 Rac8 30. Rdc2 Red8 31. Nd5 Nxd5 32. cxd5 Bd7 33. Rc7 Rb8
34. Ke3 Kg7 35. f4 gxf4+ 36. gxf4 Kf6 37. Kd4 Bb5 38. e5+ Kf5 39. Rxe7 Kxf4 40.
Rxf7+ Kg3 41. Rg7+ Kf4 42. e6 Rg8 43. Rf7+ Kg3 44. Be4 Ba6 45. Rg1+ Kh2 46.
Rxg8 Rxg8 47. e7 Re8 48. Rh7+ Kg3 49. Bg6 1-0

[Event "Obro "]
[Site "Copenhagen"]
[Date "2018.12.31"]
[Round "7.6"]
[White "Antonsen, Mikkel"]
[Black "Yukun Liu, Casper"]
[Result "1-0"]
[WhiteElo "2435"]
[BlackElo "2080"]
[PlyCount "43"]
[EventDate "2018.12.27"]
[EventCountry "DEN"]

1. d4 d5 2. c4 e6 3. Nc3 c5 4. cxd5 cxd4 5. Qa4+ Bd7 6. Qxd4 exd5 7. Nf3 Nc6 8.
Qxd5 Nf6 9. Qd1 Bc5 10. a3 Qe7 11. Bg5 O-O-O 12. e3 Bg4 13. Qa4 Bxf3 14. gxf3
h6 15. Bf4 g5 16. Bh3+ Nd7 17. Bg3 Qf6 18. O-O-O Qxf3 19. Bg4 Qf6 20. Rd5 h5
21. Ne4 Qe7 22. Rxc5 1-0

[Event "Obro "]
[Site "Copenhagen"]
[Date "2018.12.31"]
[Round "7.7"]
[White "Olsen, Peter Erik"]
[Black "Kristian Kragh, Niels"]
[Result "1/2-1/2"]
[WhiteElo "2257"]
[BlackElo "2064"]
[PlyCount "35"]
[EventDate "2018.12.27"]
[EventCountry "DEN"]

1. d4 Nf6 2. Bg5 e6 3. Nd2 d5 4. e3 c5 5. c3 Nc6 6. Ngf3 Be7 7. Bd3 O-O 8. O-O
b6 9. Ne5 Nxe5 10. dxe5 Nd7 11. Bf4 Bb7 12. Qe2 f6 13. exf6 Bxf6 14. Bg3 e5 15.
e4 d4 16. a4 a6 17. Rfc1 Bg5 18. Rc2 1/2-1/2

[Event "Obro "]
[Site "Copenhagen"]
[Date "2018.12.31"]
[Round "7.8"]
[White "Thorsbro, Peter"]
[Black "Sondergaard Thybo, Thomas"]
[Result "1/2-1/2"]
[WhiteElo "2090"]
[BlackElo "2175"]
[PlyCount "104"]
[EventDate "2018.12.27"]
[EventCountry "DEN"]

1. d4 Nf6 2. c4 d6 3. Nf3 g6 4. Nc3 Bg7 5. e4 O-O 6. Be2 e5 7. Be3 Nbd7 8. d5
Ng4 9. Bg5 f6 10. Bh4 Nh6 11. Nd2 g5 12. Bg3 f5 13. f3 Nf6 14. Bf2 g4 15. c5
Nh5 16. fxg4 Nxg4 17. Bxg4 fxg4 18. g3 b6 19. cxd6 cxd6 20. Qe2 Qf6 21. Rf1 Qg6
22. Be3 Rxf1+ 23. Kxf1 Bd7 24. Kg1 Nf6 25. a4 h5 26. Bf2 Bh6 27. Nc4 Nh7 28.
Nb5 Bxb5 29. axb5 Ng5 30. Bxb6 Nxe4 31. Bxa7 Ng5 32. b6 Rf8 33. b7 Qf7 34. Nxd6
Qxd5 35. Ne4 Nh3+ 36. Kg2 Qxb7 37. Bc5 Rd8 38. Kf1 Qf7+ 39. Ke1 Ng5 40. Nxg5
Bxg5 41. Qe4 Qh7 42. Qxe5 Qg6 43. Kf1 Qf6+ 44. Qxf6 Bxf6 45. Rb1 Rd2 46. b4
Rxh2 47. Bf2 h4 48. Rb3 h3 49. Kg1 Rg2+ 50. Kf1 Rh2 51. Kg1 Rg2+ 52. Kf1 Rh2
1/2-1/2

[Event "Obro "]
[Site "Copenhagen"]
[Date "2018.12.31"]
[Round "7.9"]
[White "Vils Pedersen, Thomas"]
[Black "Lilja, Richard"]
[Result "1/2-1/2"]
[WhiteElo "2078"]
[BlackElo "2155"]
[PlyCount "114"]
[EventDate "2018.12.27"]
[EventCountry "DEN"]

1. d4 Nf6 2. Nf3 g6 3. c4 Bg7 4. g3 O-O 5. Bg2 c5 6. O-O cxd4 7. Nxd4 Nc6 8.
Nc3 Qa5 9. Nb3 Qh5 10. e4 d6 11. Qxh5 Nxh5 12. h3 Be6 13. Nd5 Bxd5 14. cxd5 Nb4
15. g4 Nf6 16. Rd1 h5 17. gxh5 Nxh5 18. a3 Nc2 19. Rb1 a5 20. Bg5 a4 21. Nd2 f6
22. Be3 Nxe3 23. fxe3 Bh6 24. Kf2 f5 25. Bf3 fxe4 26. Nxe4 Rf5 27. Ke2 Raf8 28.
Bg4 Re5 29. Be6+ Kg7 30. Rd4 Ng3+ 31. Kd3 Rf3 32. Re1 b5 33. Bg4 Rf1 34. Rxf1
Nxf1 35. Be6 Nxe3 36. Nc3 Ng2 37. Nxb5 Nf4+ 38. Rxf4 Bxf4 39. Nc3 Re3+ 40. Kc2
Be5 41. Nxa4 Re2+ 42. Kb3 Kf8 43. Nc3 Bxc3 44. Kxc3 Ke8 45. a4 Kd8 46. b4 Re4
47. a5 Kc7 48. Kb3 g5 49. Ka4 Re3 50. Kb5 Ra3 51. Ka6 Rb3 52. b5 Rb4 53. Bf7
Rb3 54. Be6 Rb4 55. Bf7 Rb3 56. Be6 Rb2 57. Bf7 Rf2 1/2-1/2

[Event "Obro "]
[Site "Copenhagen"]
[Date "2018.12.31"]
[Round "7.10"]
[White "Haubro, Sigfred"]
[Black "Vasli, Aref"]
[Result "0-1"]
[WhiteElo "2153"]
[BlackElo "2237"]
[PlyCount "116"]
[EventDate "2018.12.27"]
[EventCountry "DEN"]

1. Nf3 g6 2. e4 Bg7 3. Be2 c5 4. d4 cxd4 5. Nxd4 Nc6 6. Nxc6 bxc6 7. O-O Nf6 8.
Nc3 O-O 9. Bf4 d6 10. Qd2 Qb6 11. Rab1 Rd8 12. Be3 Qc7 13. Bh6 d5 14. Bxg7 Kxg7
15. exd5 cxd5 16. Nb5 Qb6 17. a4 a6 18. Nd4 e5 19. Nf3 Ne4 20. Qe1 f6 21. c4 d4
22. Nxe5 fxe5 23. Bf3 Nf6 24. Bxa8 Bf5 25. Bf3 Bxb1 26. Qxb1 Rb8 27. Qe1 Qd6
28. Qd2 e4 29. Bd1 Qc5 30. b3 a5 31. h3 Re8 32. Kh1 Qe5 33. Qb2 h5 34. b4 axb4
35. Qxb4 Rb8 36. Qa3 d3 37. a5 Rb1 38. a6 Ra1 39. Qb4 Kh6 40. Qb7 Qa5 41. Qe7
Qb6 42. Qf8+ Kh7 43. Qf7+ Kh6 44. Qf8+ Kg5 45. Kh2 h4 46. c5 Qc7+ 47. Kg1 Rxa6
48. f4+ exf3 49. Bxf3 Qe5 50. c6 Qd4+ 51. Kh1 Ra1 52. Bd1 Qe5 53. c7 Rxd1 54.
Rxd1 Qxc7 55. Qa3 Ne4 56. Qc1+ Qxc1 57. Rxc1 d2 58. Rf1 Ng3+ 0-1